| 000 | 00413nam a22001577a 4500 | ||
|---|---|---|---|
| 005 | 20260527110856.0 | ||
| 008 | 260527b |||||||| |||| 00| 0 eng d | ||
| 041 | _2ENGLISH | ||
| 100 | _aFREDERICK LITCH FIELD | ||
| 245 | _aFURNITURE ILLUSTRALED HISTORY OF FURNITURE | ||
| 250 | _a2011 | ||
| 260 |
_aLONDON _bARCTUREUS PUBLISHING LIMITED _c1/12/2025 |
||
| 300 | _aH-458 | ||
| 365 | _b2495.00 | ||
| 942 | _cBK | ||
| 999 |
_c1222099 _d1222099 |
||